<The> Social dimension of the European union
Gespeichert in:
| 1. Verfasser: | |
|---|---|
| Weitere Verfasser: | |
| Format: | Buch |
| Sprache: | Englisch |
| Veröffentlicht: |
Copenhagen
Handelshojskolens Forlag
1997
|
| Ausgabe: | 3. ed. |
| Schriftenreihe: | Series G. Business law series
No. 19 |
| Schlagworte: | |
| Tags: |
Keine Tags, Fügen Sie das erste Tag hinzu!
|
MARC
| LEADER | 00000nam a2200000 4500 | ||
|---|---|---|---|
| 001 | c115523 | ||
| 005 | 20221124074949.3 | ||
| 020 | |a 87-16-13357-9 | ||
| 041 | 0 | |a eng | |
| 044 | |a DK | ||
| 245 | 1 | 0 | |a <The> Social dimension of the European union |c Ruth Nielsen and Erika Szyszczak |
| 250 | |a 3. ed. | ||
| 264 | 1 | |a Copenhagen |b Handelshojskolens Forlag |c 1997 | |
| 300 | |a 394 s. | ||
| 490 | 1 | |a Series G. Business law series |v No. 19 | |
| 830 | 0 | |a Series G. Business law series |v No. 19 | |
| 610 | 2 | 0 | |a integrácia ekonomická medzinárodná |
| 610 | 2 | 0 | |a spolupráca hospodárska medzinárodná |
| 610 | 2 | 0 | |a politika sociálna |
| 610 | 2 | 0 | |a vývoj |
| 610 | 2 | 0 | |a zákony |
| 610 | 2 | 0 | |a legislatíva |
| 610 | 2 | 0 | |a liberalizmus |
| 610 | 2 | 0 | |a sily pracovné |
| 610 | 2 | 0 | |a pohyb síl pracovných |
| 610 | 2 | 0 | |a trh |
| 610 | 2 | 0 | |a zamestnanosť |
| 610 | 2 | 0 | |a migrácia |
| 610 | 2 | 0 | |a zabezpečenie sociálne |
| 610 | 2 | 0 | |a vzdelanie |
| 610 | 2 | 0 | |a konkurencia |
| 610 | 2 | 0 | |a práca |
| 610 | 2 | 0 | |a štát |
| 610 | 2 | 0 | |a Európa |
| 610 | 2 | 0 | |a Európska únia |
| 100 | 1 | |a Nielsen, Ruth | |
| 700 | 1 | |a Szyszczak, Erika | |